000 00416nam a2200145Ia 4500
008 211109s9999||||xx |||||||||||||| ||und||
082 _a894.8121
_bAKK-S
100 _aAkkitham, Achuthan Nambudiri
245 0 _aSparsamanikal
260 _bDC Books
_aKottayam
_c1991
300 _a136p.
630 _xGENERAL STACK
650 _aMalayalam literature
_vMalayalam poetry
_xLiterature & rhetoricMalayalam
942 _cBOOK
999 _c44758
_d44758